1781 1558 1570 1937 1279 1519 1442 1262 1701 1444 1654 1737 1435 1360 1339 1575 1634 1550 1100 1614 1975 1109 1732 1536 1731 1192 1615 1774 1683 1115 1311 1140 1824 1148 1176 1304 1894 1567 1784 1057 1083 1899 1179 1747 1807 1883 1554 1062 1714 1301 1972 1041 1017 1491 1712 1316 1799 1493 1887 1840 1103 1811 1747 1034 1083 1351 1941 1921 1000 1760 1960 1508 1290 1737 1242 1871 1299 1002 1555 1507 1372 1693 1250 1271 1025 1965 1108 1744 1473 1576 1057 1060 1127 1403 1099 1320 1768 1786 1628 BCNSPRNW ULIB Ver.6.0+V

เปลี่ยนเป็นภาษาไทย

Change to English
 แสดงรายละเอียดบรรณานุกรม
  กลับหน้าหลัก

Brief Record : Get Marc (ISO 2709) : E-mail record : QR code < ปิดหน้าต่าง
LEADER : 00000nam 2200000uu 4500
001    13399125060
003     ULIB
008    160609s2015||||th 000 0 eng d
020    ^a9789749752913
060 04 ^aQX4^bL471
245 00 ^aLecture notes on medical parasitology /^cEditors, Saovanee Leelayoova. ... [et al.]
260    ^aBangkok :^bPhramongkutklao College of Medicine BookProject,^c2015
300    ^aa-d, 218 p. :^bill. ;^c25 cm.
504    ^aIncludes bibliographical references and index
505 0  ^a... Ascaris Iumbricoides ... Trichurin trichiura ... Necator americanus ... Ancylostoma duodenale ... Strongyloides stercoralis ... Enterobius vermicularis ... Capillaria philippinensis ... Trichinella spiralis ... Gnathostoma spinigerum ... Angiostrongylus cantonensis ... Wuchereria bancrofti ... Brugia malayi ... Animal Hookworms ... Toxocara spp ... Anisakis simplex ... Macracanthorhynchus hirudinaceus ... Opisthorchis viverrini ... Fasciola spp ... Paragonimus spp ... Fasciolopsis buski ... Medium intestinal flukes ... Small intestinal flukes ... Schistosoma mansoni ... Schistosoma japonicum ... Schistosoma mekongi ... Schistosoma haematobium ... Class Cestoda ... Taenia saginata ... Taenia solium ... Cysticercosis ... Hymenolepis nana ... Hymenolepis diminuta ... Dipylidium caninum ... Echinococcus granulosus ... Diphyllobothrium latum ... Spirometra mansoni ... Entamoeba histolytica ... Entamoeba dispar ... Entamoeba hartmanni ... Entamoeba coli .. Endolimax nana ... Iodamoeba butschlii ... Blastocystis sp ... Naegleria fowleri ... Acanthamoeba spp ... Balantidium coli ... Giardia intestinalis ... Dientamoeba fragilis ... Chilomastix mesnili ... Trichomonas vaginalis ... Leishmania spp ... Trypanosoma cruzi ... Trypanosoma brucei gambiense ... Trypanosoma brucei rhodesiense ... Plasmodium falciparum ... Plasmodium vivax ... Plasmodium ovale ... Plasmodium malariae ... Plasmodium knowlesi ... Cryptosporidium spp ... Cyclospora cayetanensis ... Isospora belli ... Microsporidia ... Toxoplasma gondii ... Sarcocystis spp ... Pneumocystis jirovecii
650  2 ^aMedical Parasitology
650  2 ^aMedical Parasitic Disease
650  2 ^aParasitic Disease^xmethods
700 1  ^aSaovanee Leelayoova,^eed.
700 1  ^aPaanjit Taamasri,^eed.
700 1  ^aPhunlerd Piyaraj,^eed.
700 1  ^aPicha Suwannahitatomj,^eed.
710 2  ^aMathirut Mungthin
710 2  ^aPhramongkutklao College of Medicine Book Project
945    ^p720^l0^i001213
945    ^p720^l0^i001214
945    ^p720^l0^i001215
999    ^aเกษร โพธิ์สุวรรณ
รายการนี้ยังไม่มีแท็ก
คุณยังไม่ได้ล็อกอิน คุณสามารถมีกิจกรรมร่วมกับเว็บไซต์ได้ แต่ต้องล็อกอินก่อน ::
  ล็อกอิน

รายการสื่อสารสนเทศ

ลำดับที่ ประเภท เลขเรียก/บาร์โค้ด สถานที่ สถานะ
1. วิทยาศาสตร์การแพทย์ และสุขภาพ
หนังสือสำรอง
สถานะ=หนังสือสำรอง
QX4 L471 ฉ.1 
  Barcode: 001213
ห้องสมุดวิทยาเขตสวรรค์ประชารักษ์
►หนังสือทั่วไป
บนชั้น
2. วิทยาศาสตร์การแพทย์ และสุขภาพ
วิทยาศาสตร์การแพทย์ และสุขภาพ
QX4 L471 ฉ.2 
  Barcode: 001214
ห้องสมุดวิทยาเขตสวรรค์ประชารักษ์
►หนังสือทั่วไป
บนชั้น
3. วิทยาศาสตร์การแพทย์ และสุขภาพ
วิทยาศาสตร์การแพทย์ และสุขภาพ
QX4 L471 ฉ.3 
  Barcode: 001215
ห้องสมุดวิทยาเขตสวรรค์ประชารักษ์
►หนังสือทั่วไป
บนชั้น

รายการใกล้เคียง
    หัวเรื่อง [Medical Parasitology]

BibComment


ยังไม่เคยถูกคอมเมนท์

คอมเมนท์ทรัพยากรรายการนี้
  คอมเมนท์: Lecture notes on..


 Copyright 2026. Bcnsprnw @Library